General catalogue of the Centre college of Kentucky. (Record no. 19092)
[ view plain ]
| 000 -LEADER | |
|---|---|
| fixed length control field | 00964cam a22002531 4500 |
| 001 - CONTROL NUMBER | |
| control field | e 10002178 |
| 003 - CONTROL NUMBER IDENTIFIER | |
| control field | DLC |
| 005 - DATE AND TIME OF LATEST TRANSACTION | |
| control field | 20260227111154.0 |
| 007 - PHYSICAL DESCRIPTION FIXED FIELD--GENERAL INFORMATION | |
| fixed length control field | cr_||||||||||| |
| 008 - FIXED-LENGTH DATA ELEMENTS--GENERAL INFORMATION | |
| fixed length control field | 791022s1890 kyu 000 0 eng c |
| 010 ## - LIBRARY OF CONGRESS CONTROL NUMBER | |
| LC control number | e 10002178 |
| 035 ## - SYSTEM CONTROL NUMBER | |
| System control number | (OCoLC)5573645 |
| 040 ## - CATALOGING SOURCE | |
| Original cataloging agency | U.S. Off. of educ. Library |
| Transcribing agency | KyDC |
| Modifying agency | DLC |
| 042 ## - AUTHENTICATION CODE | |
| Authentication code | premarc |
| 050 00 - LIBRARY OF CONGRESS CALL NUMBER | |
| Classification number | LD881 |
| Item number | .D41f 1890 |
| 110 2# - MAIN ENTRY--CORPORATE NAME | |
| Corporate name or jurisdiction name as entry element | Centre College (Danville, Ky.) |
| 245 10 - TITLE STATEMENT | |
| Title | General catalogue of the Centre college of Kentucky. |
| Remainder of title | 1890. |
| 260 ## - PUBLICATION, DISTRIBUTION, ETC. | |
| Place of publication, distribution, etc. | Danville, |
| Name of publisher, distributor, etc. | The Kentucky advocate printing company, |
| Date of publication, distribution, etc. | 1890. |
| 300 ## - PHYSICAL DESCRIPTION | |
| Extent | 260, 55 p. |
| Other physical details | ports. |
| Dimensions | 23.5 cm. |
| 500 ## - GENERAL NOTE | |
| General note | Inaugural ceremonies, October 9th, 1889 ... Danville, Kentucky advocate steam print, 1889, with separate t.-p.: 55 p. at end. |
| 530 ## - ADDITIONAL PHYSICAL FORM AVAILABLE NOTE | |
| Additional physical form available note | Also available in digital form on the Internet Archive Web site. |
| 610 20 - SUBJECT ADDED ENTRY--CORPORATE NAME | |
| Corporate name or jurisdiction name as entry element | Centre College (Danville, Ky.) |
| General subdivision | Registers. |
| 856 41 - ELECTRONIC LOCATION AND ACCESS | |
| Uniform Resource Identifier | <a href="http://hdl.loc.gov/loc.gdc/scd0001.00299143867">http://hdl.loc.gov/loc.gdc/scd0001.00299143867</a> |
No items available.